| 000 | 00481cam a2200193ua 4500 | ||
|---|---|---|---|
| 020 |
_a0-12-198080-4 _c44.00 |
||
| 041 |
_aeng _h |
||
| 082 |
_a581.5 _bCRO/DR |
||
| 100 | _aCrowe, John H . | ||
| 245 | 0 | 0 |
_aDry biological systems / _cJohn H Crowe. _hTextual Documents |
| 250 |
_a1 / _b. |
||
| 260 |
_aNew York : _bAcademic Press , _c1978. |
||
| 300 | _a357 ; . | ||
| 365 | _a44.00 | ||
| 504 | _a | ||
| 700 | 1 | _aClegg, James S . | |
| 942 | _cBK | ||
| 999 |
_c10284 _d10284 |
||